[Event "Cannes op"]
[Site "Cannes"]
[Date "1994.??.??"]
[Round "2"]
[White "Bacrot, Etienne"]
[Black "Anic, Darko"]
[Result "0-1"]
[WhiteElo "2255"]
[BlackElo "2435"]

1.d4 c6 2.c4 f5 3.Nf3 Nf6 4.g3 g6 5.Bg2 Bg7 6.O-O O-O 7.Nc3 Ne4 8.Qb3 Kh8
9.c5 d5 10.Bf4 Nd7 11.Rad1 Qe8 12.Qc2 h6 13.Ne5 Nexc5 14.Nxc6 bxc6 15.dxc5 e5
16.Bc1 a5 17.a3 Ba6 18.Rfe1 Qe7 19.b4 Rfb8 20.Bxd5 cxd5 21.Nxd5 Qf7 22.Nc7 Ra7
23.Nxa6 Rxa6 24.c6 Nf8 25.b5 Rab6 26.a4 Rc8 27.Qc3 Qc7 28.Be3 Rbb8 29.Bc5 Rd8
30.Rxd8 Rxd8 31.Qe3 f4 32.Bb6 Qc8 33.Qb3 Re8 34.Bxa5 Ne6 35.Bc3 Ng5 36.Qd5 Rd8
37.Qc4 f3 38.c7 Rf8 39.g4 Rf4 40.Rd1 Qxg4+ 41.Kf1 Rxc4  0-1

[Event "Cannes op"]
[Site "Cannes"]
[Date "1994.??.??"]
[Round "6"]
[White "Bacrot, Etienne"]
[Black "Djuric, Stefan"]
[Result "1/2-1/2"]
[WhiteElo "2255"]
[BlackElo "2480"]

1.d4 Nf6 2.c4 e6 3.Nc3 Bb4 4.Qc2 d5 5.cxd5 exd5 6.Bg5 h6 7.Bh4 c5 8.Nf3 cxd4
9.Nxd4 Nc6 10.e3 Nxd4 11.exd4 O-O 12.Be2 Be6 13.Qb3 Bxc3+ 14.Qxc3 Re8 15.Bxf6 Qxf6
16.O-O Bf5 17.Bd3 Rac8 18.Qb3 Bxd3 19.Qxd3 Re4 20.Qb3 Qc6 21.Rad1 Re2 22.h3 Rc2
23.Rde1 b6 24.Re5 Rc1 25.g3 Rxf1+ 26.Kxf1 Qc4+ 27.Qxc4 dxc4 28.Re7 a5 29.Rb7 c3
30.bxc3 Rxc3 31.Rxb6  1/2-1/2

[Event "Cannes op"]
[Site "Cannes"]
[Date "1994.??.??"]
[Round "8"]
[White "Bacrot, Etienne"]
[Black "Ivkov, Borislav"]
[Result "0-1"]
[WhiteElo "2255"]
[BlackElo "2485"]

1.d4 g6 2.c4 Bg7 3.Nf3 d6 4.g3 Nf6 5.Bg2 O-O 6.O-O c6 7.Nc3 Qa5 8.e4 Qh5
9.e5 dxe5 10.Nxe5 Qxd1 11.Rxd1 Ng4 12.f4 Na6 13.h3 Nxe5 14.dxe5 Be6 15.b3 f6
16.exf6 Bxf6 17.Bb2 Rad8 18.Rxd8 Rxd8 19.Rd1 Rxd1+ 20.Nxd1 Bxb2 21.Nxb2 Nb4
22.a3 Nc2 23.a4 a5 24.Nd3 Nd4 25.Nc5 Bc8 26.Kf2 b6 27.Ne4 c5 28.Nc3 e6 29.g4 Nxb3
30.f5 gxf5 31.gxf5 Nd2 32.fxe6 Bxe6 33.Bd5 Kf7 34.Ne4 Nxe4+  0-1

[Event "Nice"]
[Site "Nice"]
[Date "1994.??.??"]
[Round "1"]
[White "Bacrot, Etienne"]
[Black "Anic, Darko"]
[Result "1-0"]
[WhiteElo "2255"]
[BlackElo "2450"]

1.d4 c6 2.c4 f5 3.Nc3 Nf6 4.Nf3 g6 5.g3 Bg7 6.Bg2 O-O 7.O-O Ne4 8.Qd3 Nxc3
9.Qxc3 d6 10.b3 Na6 11.Bb2 Nc5 12.Nd2 Ne6 13.Nf3 g5 14.Qd2 g4 15.Ne1 f4 16.d5 Bxb2
17.Qxb2 Ng5 18.gxf4 Rxf4 19.dxc6 bxc6 20.Bxc6 Rb8 21.Bg2 Bb7 22.Bxb7 Rxb7
23.Qd2 e6 24.f3 Rg7 25.Kh1 Qf6 26.Ng2 Rd4 27.Qe1 gxf3 28.exf3 Nh3 29.Qe2 Qe5
30.Qc2 Qc5 31.Rae1 Rg6 32.f4 Rd3 33.f5 exf5 34.Qe2 Qc6 35.Qe8+ Qxe8 36.Rxe8+ Kf7
37.Re3 Rxe3 38.Nxe3 f4 39.Ng2 Rf6 40.Rf3 Ng5 41.Rxf4 Nf3 42.Rxf6+ Kxf6 43.Ne3 Ke5
44.Nd5 a5 45.Ne7 Nd4 46.Kg2 Ke4 47.Kf2 Kd3 48.Nc8 Kc3 49.Nxd6 Kb2 50.Ke3 Nc6
51.Kd2 Kxa2 52.Kc3 Ne5 53.c5 h6 54.Nc4  1-0

[Event "Nice"]
[Site "Nice"]
[Date "1994.??.??"]
[Round "2"]
[White "Santo Roman, Marc"]
[Black "Bacrot, Etienne"]
[Result "0-1"]
[WhiteElo "2440"]
[BlackElo "2255"]

1.e4 c5 2.Nf3 d6 3.c3 Nf6 4.Be2 Nbd7 5.d3 b6 6.Ng5 e6 7.f4 h6 8.Nh3 c4 9.dxc4 Nxe4
10.O-O Bb7 11.Bf3 Be7 12.Re1 Ndf6 13.Nd2 Nc5 14.Bxb7 Nxb7 15.f5 e5 16.Ne4 Qd7
17.Nxf6+ Bxf6 18.Qf3 O-O-O 19.Be3 Kc7 20.Rad1 Qc6 21.Qxc6+ Kxc6 22.Rd5 Na5
23.b3 Kc7 24.Nf2 Nc6 25.Ne4 Ne7 26.Rd3 Nxf5 27.Nxf6 gxf6 28.Bf2 Ng7 29.Rf3 f5
30.Bh4 Rdg8 31.Bf6 f4 32.b4 Kc6 33.Rd3 Rh7 34.Red1 Nf5 35.Be7 Rg6 36.c5 bxc5
37.bxc5 Kxc5 38.Rd5+ Kc6 39.Bd8 Ne3  0-1

[Event "Nice"]
[Site "Nice"]
[Date "1994.??.??"]
[Round "3"]
[White "Bacrot, Etienne"]
[Black "Tasic, Branislav"]
[Result "1-0"]
[WhiteElo "2255"]
[BlackElo "2290"]

1.Nf3 Nf6 2.g3 g6 3.Bg2 Bg7 4.O-O O-O 5.c4 d6 6.Nc3 c5 7.d4 Nc6 8.d5 Na5
9.Nd2 e5 10.a3 b6 11.b4 Nb7 12.e4 Ng4 13.Nb3 f5 14.f3 Nf6 15.Qc2 Qe7 16.Bd2 Bd7
17.Rae1 Rac8 18.b5 Qf7 19.a4 h5 20.f4 Rce8 21.Kh1 h4 22.gxh4 exf4 23.Rxf4 Nh5
24.Rff1 f4 25.Bf3 Be5 26.Rg1 Kh7 27.Rg5 Rg8 28.Ne2 Kh6 29.Rf1 Bf6 30.Bxh5 Bxg5
31.hxg5+ Kh7 32.Nxf4  1-0

[Event "Nice"]
[Site "Nice"]
[Date "1994.??.??"]
[Round "4"]
[White "Mitkov, Nikola"]
[Black "Bacrot, Etienne"]
[Result "1-0"]
[WhiteElo "2470"]
[BlackElo "2255"]

1.e4 d5 2.exd5 Qxd5 3.Nc3 Qa5 4.d4 Nf6 5.Bc4 Bf5 6.Nf3 e6 7.Bd2 Qb6 8.Qe2 Be7
9.O-O-O c6 10.Ne5 Qxd4 11.Rhe1 Nbd7 12.Nxf7 Kxf7 13.Bxe6+ Bxe6 14.Qxe6+ Kg6
15.Ne2  1-0

[Event "Nice"]
[Site "Nice"]
[Date "1994.??.??"]
[Round "5"]
[White "Bacrot, Etienne"]
[Black "Lamoureux, Charles"]
[Result "0-1"]
[WhiteElo "2255"]
[BlackElo "2430"]

1.d4 Nf6 2.c4 g6 3.g3 Bg7 4.Bg2 O-O 5.Nf3 d6 6.O-O Nbd7 7.Qc2 e5 8.Rd1 Qe7
9.Nc3 c6 10.b3 exd4 11.Nxd4 Re8 12.h3 Nc5 13.e3 h5 14.Ba3 Nce4 15.Nxe4 Nxe4
16.Rac1 c5 17.Qxe4 Qxe4 18.Bxe4 cxd4 19.Bg2 dxe3 20.Bxd6 e2 21.Re1 Bf5 22.Bxb7 Rad8
23.Bf4 Bb2 24.f3 Bxc1 25.Bxc1 Rd1 26.Kf2 Bb1 27.c5 Bxa2 28.b4 Bd5 29.Bxd5 Rxd5
30.Rxe2 Rxe2+ 31.Kxe2 a5 32.bxa5 Rxc5 33.Bd2 Rc6 34.h4 Kf8 35.Ke3 Ke7 36.Ke4 Ke6
37.Kd4 Rd6+ 38.Kc3 Kd7 39.Be3 Rf6 40.f4 Ra6 41.Kb4 Kc6 42.Bb6 Ra8 43.Kc4 Re8
44.Kd3 Re1 45.Kd2 Ra1 46.f5 gxf5 47.Ke3 Ra4 48.Bd8 f4+ 49.gxf4 f5 50.Bb6 Kd5
51.Kf3 Ra3+ 52.Kg2 Ke4 53.Bc7 Rc3 54.Bb8 Rb3 55.Be5 Rb5 56.Bc3 Rc5 57.Be1 Rc1
58.Kf2 Rc2+ 59.Kg3 Re2 60.Bf2 Ra2 61.Bb6 Ra3+ 62.Kg2 Kxf4 63.Bc7+ Kg4 64.Bd8 Ra2+
65.Kf1 f4 66.Bc7 Kf3 67.Kg1 Rg2+ 68.Kh1 Rc2 69.Bb6 Kg3 70.a6 Rc6 71.a7 Rxb6  0-1

[Event "Nice"]
[Site "Nice"]
[Date "1994.??.??"]
[Round "8"]
[White "Prie, Eric"]
[Black "Bacrot, Etienne"]
[Result "0-1"]
[WhiteElo "2475"]
[BlackElo "2255"]

1.e4 c5 2.d3 Nc6 3.g3 g6 4.Bg2 Bg7 5.f4 e6 6.Nf3 Nge7 7.O-O O-O 8.c3 d5 9.e5 b6
10.a4 Bb7 11.Na3 Na5 12.b4 cxb4 13.cxb4 Nac6 14.Nc2 Qd7 15.b5 Na5 16.Ncd4 Nf5
17.Bd2 Rac8 18.Qe1 Nxd4 19.Nxd4 Rc7 20.Bb4 Rfc8 21.g4 f5 22.gxf5 gxf5 23.Kh1 Bf8
24.Bxf8 Rxf8 25.Rg1 Qe7 26.Ra2 Kh8 27.Bf3 Rcc8 28.Rag2 Rg8 29.Rxg8+ Rxg8
30.Rxg8+ Kxg8 31.Qg3+ Kh8 32.Qg5 Qxg5 33.fxg5 Bc8 34.Bh5 Nb7 35.Be8 Nc5 36.Nc6 a6
37.Na7 axb5 38.axb5 Bd7 39.d4 Bxe8 40.dxc5 Bxb5 41.Nxb5 bxc5 42.Nc7 d4 43.Kg2 d3
44.Kf2 c4 45.Ke3 f4+  0-1

[Event "Nice"]
[Site "Nice"]
[Date "1994.??.??"]
[Round "9"]
[White "Bacrot, Etienne"]
[Black "Markotic, Gordan"]
[Result "1/2-1/2"]
[WhiteElo "2255"]
[BlackElo "2345"]

1.d4 d6 2.Nf3 Bg4 3.c4 Bxf3 4.exf3 c6 5.d5 g6 6.Be2 Bg7 7.O-O Nf6 8.Nc3 O-O
9.Be3 Nbd7 10.Qb3 cxd5 11.cxd5 Qa5 12.a3 a6 13.Rac1 Rac8 14.Qxb7 Rb8 15.Qxa6 Qxa6
16.Bxa6 Rxb2 17.a4 Nc5 18.Bb5 Nfd7 19.Ne4 Rd8 20.Rfd1 h6 21.h3 f5 22.Nxc5 Nxc5
23.Bxc5 dxc5 24.Rxc5 Be5 25.Rdc1 Kg7 26.Bc6 Rdb8 27.g3 Rd2 28.Bb5 Bd6 29.R5c2 Rxd5
30.f4 g5 31.fxg5 hxg5 32.Kg2 Rd4 33.Rc4 Rd2 34.R1c2 Rd1 35.h4 gxh4 36.gxh4 Rh8
37.Bd7 Kf6 38.Rc8 Rxh4 39.Rf8+ Kg7 40.Rxf5 Rd3 41.Kf1  1/2-1/2

[Event "Nice"]
[Site "Nice"]
[Date "1994.??.??"]
[Round "10"]
[White "Efimov, Igor"]
[Black "Bacrot, Etienne"]
[Result "1-0"]
[WhiteElo "2465"]
[BlackElo "2255"]

1.d4 d5 2.c4 e6 3.Nf3 c6 4.e3 Nf6 5.Bd3 dxc4 6.Bxc4 c5 7.O-O a6 8.Bb3 Nc6
9.Qe2 cxd4 10.Rd1 d3 11.Rxd3 Qc7 12.Nc3 Be7 13.e4 Nd7 14.Rd1 O-O 15.Be3 b5
16.Rac1 Bb7 17.Nd5 exd5 18.exd5 Ndb8 19.dxc6 Nxc6 20.Nd4 Rac8 21.Nf5 Qe5
22.Qg4 Bf6 23.Nh6+ Kh8 24.Nxf7+ Rxf7 25.Bxf7 Qxb2 26.Qd7  1-0

[Event "Nice"]
[Site "Nice"]
[Date "1994.??.??"]
[Round "11"]
[White "Bacrot, Etienne"]
[Black "Touzane, Olivier"]
[Result "1/2-1/2"]
[WhiteElo "2255"]
[BlackElo "2330"]

1.d4 f5 2.Nf3 Nf6 3.g3 g6 4.Bg2 Bg7 5.O-O O-O 6.c4 d6 7.Nc3 Nc6 8.d5 Ne5
9.Nxe5 dxe5 10.Qb3 Kh8 11.Rd1 h6 12.c5 g5 13.Qa3 Qe8  1/2-1/2

[Event "Wch U12 Disney"]
[Site "Paris"]
[Date "1994.??.??"]
[Round "1"]
[White "Leroux, Jean Pierre"]
[Black "Bacrot, Etienne"]
[Result "0-1"]
[WhiteElo "1995"]
[BlackElo "2300"]

1.c4 e6 2.Nc3 d5 3.e3 Nf6 4.Nf3 Be7 5.d4 O-O 6.Bd3 Nbd7 7.O-O b6 8.cxd5 exd5
9.Ne5 Bb7 10.f4 Ne4 11.Qg4 Ndf6 12.Qh3 Qc8 13.f5 Nxc3 14.bxc3 Ne4 15.c4 f6
16.Nf3 Nd6 17.cxd5 Bxd5 18.Ba3 Re8 19.Qg4 Nc4 20.Bxc4 Bxc4 21.Bxe7 Rxe7 22.Rfe1 Bd3
23.e4 Qd7 24.Rad1 Bc4 25.e5 Rf8 26.Nh4 Bxa2 27.Ra1 Bd5 28.Rxa7 Ra8 29.Rxa8+ Bxa8
30.Qg3 Qxd4+ 31.Kh1 Rxe5 32.Qb3+ Bd5 33.Qd1 Qxd1 34.Rxd1 c6  0-1

[Event "Wch U12 Disney"]
[Site "Paris"]
[Date "1994.??.??"]
[Round "2"]
[White "Bacrot, Etienne"]
[Black "Mamedov, Chingiz"]
[Result "1/2-1/2"]
[WhiteElo "2300"]
[BlackElo "1995"]

1.d4 Nf6 2.c4 g6 3.Nf3 Bg7 4.g3 d6 5.Bg2 O-O 6.O-O c6 7.Nc3 Nbd7 8.Qc2 Qc7
9.Rd1 e5 10.b3 Re8 11.e4 a5 12.Ba3 exd4 13.Rxd4 Nc5 14.Rad1 Bf8 15.Ne1 Nfd7
16.R4d2 Ne5 17.h3 f5 18.f4 Nf7 19.Bxc5 dxc5 20.e5 Be6 21.Nf3 Rab8 22.a4 Bh6
23.Bf1 g5 24.fxg5 Nxg5 25.Nxg5 Bxg5 26.Rd6 Be3+ 27.Kh2 Bd4 28.R1xd4 cxd4
29.Ne2 Rbd8 30.c5 Qg7 31.Nxd4 Qxe5 32.Rxd8 Rxd8 33.Nxe6 Qxe6 34.Bc4 Rd5 35.Bxd5 Qxd5
36.Qc4 Qxc4 37.bxc4  1/2-1/2

[Event "Wch U12 Disney"]
[Site "Paris"]
[Date "1994.??.??"]
[Round "9"]
[White "Bacrot, Etienne"]
[Black "Starostits, Andris"]
[Result "1-0"]
[WhiteElo "2300"]
[BlackElo "1995"]

1.d4 f5 2.c4 Nf6 3.g3 e6 4.Bg2 d5 5.Nh3 c6 6.O-O Bd6 7.Bf4 O-O 8.Qc2 Kh8
9.Nd2 Bxf4 10.Nxf4 Qe7 11.Nf3 Ne4 12.Ne5 Qe8 13.f3 Nd6 14.e4 dxe4 15.fxe4 Nd7
16.Nxd7 Bxd7 17.Rae1 fxe4 18.Bxe4 Nxe4 19.Qxe4 Rf6 20.Nd3 Rxf1+ 21.Rxf1 Qe7
22.Ne5 Kg8 23.Rf7 Qxf7 24.Nxf7 Kxf7 25.Qxh7 Rf8 26.h4 b5 27.c5 Be8 28.h5 Kf6
29.Qe4 Ke7 30.g4 Bd7 31.Qe5 Rf7 32.g5 Kf8 33.h6 gxh6 34.g6 Rf5 35.Qh8+ Ke7
36.g7 Rg5+ 37.Kf2  1-0

[Event "Biel Credis op"]
[Site "Biel"]
[Date "1995.??.??"]
[Round "4"]
[White "Bacrot, Etienne"]
[Black "Dobosz, Henryk"]
[Result "1/2-1/2"]
[WhiteElo "2395"]
[BlackElo "2420"]

1.d4 d5 2.c4 c6 3.Nc3 e6 4.e3 f5 5.f4 Nd7 6.Nf3 Nh6 7.cxd5 exd5 8.Be2 Bd6
9.O-O O-O 10.Bd2 Nf6 11.Ne5 Be6 12.Rb1 Qe7 13.a3 a5 14.Be1 Nd7 15.b4 axb4
16.axb4 Nb6 17.h3 Ra3 18.Qc1 Rfa8 19.Nd3 Nc4 20.b5  1/2-1/2

[Event "Biel Credis op"]
[Site "Biel"]
[Date "1995.??.??"]
[Round "5"]
[White "Ambroz, Jan"]
[Black "Bacrot, Etienne"]
[Result "1/2-1/2"]
[WhiteElo "2400"]
[BlackElo "2395"]

1.e4 c5 2.Nf3 d6 3.c3 Nf6 4.h3 Nc6 5.Bd3 d5 6.e5 Nd7 7.Bb5 a6 8.Bxc6 bxc6
9.e6 fxe6 10.d4 e5 11.dxe5 e6 12.Qa4 Qc7 13.Qf4 g6 14.O-O Bg7 15.Re1 c4 16.Qd4 O-O
17.Bf4 Rb8 18.Re2 Qa5 19.Nbd2 Qb6 20.Bg3 Qxb2 21.Ree1 Qc2 22.Nf1 Qd3 23.Re3 Qxd4
24.Nxd4 Nc5 25.Nxc6 Rb6 26.Nd4 Rb2 27.Re2 Rxe2 28.Nxe2 Ne4 29.f4 Nxg3 30.Nfxg3 g5
31.Nh5 Bh8 32.g3 Kf7 33.Kf2 Kg6 34.Nf6 Bxf6 35.exf6 Kxf6 36.Rb1 e5 37.Rb6+ Kg7
38.Ke3 exf4+ 39.gxf4 Rf6 40.Rb8 Bxh3 41.fxg5 Re6+ 42.Kf2 Re4 43.Rb6 Rg4 44.Rxa6 Rxg5  1/2-1/2

[Event "Biel Credis op"]
[Site "Biel"]
[Date "1995.??.??"]
[Round "6"]
[White "Bacrot, Etienne"]
[Black "Marinkovic, Ivan"]
[Result "1/2-1/2"]
[WhiteElo "2395"]
[BlackElo "2465"]

1.Nf3 Nf6 2.c4 b6 3.d4 Bb7 4.g3 c5 5.d5 b5 6.Bg2 g6 7.O-O Bg7 8.Na3 b4 9.Nc2 d6
10.Nfe1 Nbd7 11.Nd3 O-O 12.e4 Nb6 13.b3 Nfd7 14.Bb2 Bxb2 15.Nxb2 Qc7 16.Qd2 Rae8
17.Nd3 e6 18.dxe6 Rxe6 19.Rfe1 Ne5 20.Nf4 Ree8 21.Rad1 Rd8 22.Ne3 Rfe8 23.h3 Qe7
24.Nfd5 Bxd5 25.cxd5 Qf6 26.f4 Ned7 27.Qd3 Qe7 28.Bf3 h5 29.Re2 Qf8 30.Rde1 Nf6
31.Nc4 Nxc4 32.Qxc4 Nd7 33.e5 Nb6 34.Qd3 dxe5 35.fxe5 c4 36.bxc4 Qc5+ 37.Kg2 Qxc4
38.Qxc4 Nxc4 39.d6 Nb6 40.Rb2 f6 41.Rxb4 fxe5 42.Rbe4 Rxd6 43.Rxe5 Rd2+ 44.R1e2 Rxe5
45.Rxd2 Kg7 46.Bd1 a5 47.Kf3  1/2-1/2

[Event "Biel Credis op"]
[Site "Biel"]
[Date "1995.??.??"]
[Round "7"]
[White "Donev, Ivo Hristov"]
[Black "Bacrot, Etienne"]
[Result "1/2-1/2"]
[WhiteElo "2385"]
[BlackElo "2395"]

1.e4 d5 2.exd5 Qxd5 3.Nc3 Qa5 4.d4 c6 5.Nf3 Bf5 6.Bc4 e6 7.Bd2 Nf6 8.Nd5 Qd8
9.Nxf6+ Qxf6 10.c3 Nd7 11.Qb3 Nb6 12.O-O-O Bd6 13.Be2 O-O 14.Bg5 Qg6 15.h4 Bg4
16.h5 Qe4 17.Bd3 Bf4+ 18.Kb1 Bxf3 19.Bxe4 Bxe4+ 20.Ka1 Bxg5 21.c4 h6 22.f3 Bh7
23.a4 Rab8 24.g3 Rfd8 25.Rh2 Rd7 26.a5 Nc8 27.d5 exd5 28.cxd5 Ne7 29.dxc6 Rxd1+
30.Qxd1 Nxc6 31.Re2 Bf5 32.Qd5 Be6 33.Rxe6 fxe6 34.Qxe6+ Kf8 35.a6 Bf6 36.axb7 Rxb7
37.Qxc6 Rxb2 38.Qc8+ Ke7 39.Qc7+ Ke6 40.Qc6+ Ke7  1/2-1/2

[Event "Biel Credis op"]
[Site "Biel"]
[Date "1995.??.??"]
[Round "10"]
[White "Vigh, Bela"]
[Black "Bacrot, Etienne"]
[Result "1/2-1/2"]
[WhiteElo "2355"]
[BlackElo "2395"]

1.d4 d5 2.c4 c6 3.Nf3 Nf6 4.Nc3 dxc4 5.a4 Bf5 6.e3 e6 7.Bxc4 Bb4 8.O-O O-O
9.h3 Nbd7 10.Nh4 Bg6 11.Nxg6 hxg6 12.Qb3 Qb6 13.Rd1 Rad8 14.Qc2 c5 15.Na2 cxd4
16.Nxb4 Qxb4 17.exd4 Rc8 18.b3 Rfd8 19.Ba3 Qa5 20.Qe2 Nb6 21.Bb2 Rc7 22.Bb5 a6
23.Bd3 Nfd5 24.Qe1 Qxe1+ 25.Rxe1 Nb4 26.Bf1 Rdc8 27.Rac1 Rxc1 28.Rxc1 Rxc1
29.Bxc1 Nc6 30.Bd3 Nd5 31.Bb2 g5  1/2-1/2

[Event "Biel Credis op"]
[Site "Biel"]
[Date "1995.??.??"]
[Round "11"]
[White "Bacrot, Etienne"]
[Black "Suetin, Alexey S"]
[Result "1/2-1/2"]
[WhiteElo "2395"]
[BlackElo "2445"]

1.c4 e5 2.Nc3 Nc6 3.g3 g6 4.Bg2 Bg7 5.e3 f5 6.Nge2 Nf6 7.O-O O-O 8.d3 d6
9.Rb1 a5 10.a3 Ne7 11.f4 c6 12.b4 axb4 13.axb4 exf4 14.gxf4 d5 15.c5 Ng4
16.d4 h6 17.Na4 Be6 18.Nb2 g5 19.Nd3 Ng6 20.b5 Nh4 21.bxc6 bxc6 22.Rb6 Qe8
23.h3 Nf6 24.Ne5 Nxg2 25.Kxg2 Nd7 26.Rb2 Bxe5 27.fxe5 Qh5 28.Ng3 Qxd1 29.Rxd1 Kg7
30.Rf1 Kg6  1/2-1/2

[Event "Cannes Masters"]
[Site "Cannes"]
[Date "1995.??.??"]
[Round "1"]
[White "Payen, Arnaud"]
[Black "Bacrot, Etienne"]
[Result "1/2-1/2"]
[WhiteElo "2380"]
[BlackElo "2300"]

1.d4 Nf6 2.Nf3 e6 3.e3 b6 4.Bd3 Bb7 5.O-O c5 6.b3 Be7 7.c4 O-O 8.Nc3 cxd4
9.exd4 d5 10.Qe2 Nc6 11.Rd1 Rc8 12.Bb2 Nb4 13.Bb1 dxc4 14.bxc4 Bxf3 15.gxf3 Qc7
16.a3 Na6 17.Bd3 Qf4 18.Qe3 Qh4 19.Ne2 Nc7 20.f4 Nh5 21.Kh1 Bd6 22.Bc1 b5
23.c5 Nd5 24.Qf3 Bc7 25.Rg1 Nhxf4 26.Rg4 Qh3 27.Rg3 Qf1+ 28.Rg1 Qh3 29.Rg3 Qf1+  1/2-1/2

[Event "Cannes m"]
[Site "Cannes"]
[Date "1995.??.??"]
[Round "1"]
[White "Bacrot, Etienne"]
[Black "Godena, Michele"]
[Result "0-1"]
[WhiteElo "2300"]
[BlackElo "2430"]

1.d4 d5 2.c4 e6 3.Nc3 Bb4 4.Bf4 Nf6 5.Qa4+ Nc6 6.e3 Bd7 7.Qc2 Rc8 8.Nf3 dxc4
9.Bxc4 Na5 10.Bb3 c5 11.dxc5 Nxb3 12.Qxb3 Qa5 13.O-O Qxc5 14.Rfd1 Qc4 15.Ne5 Qxb3
16.axb3 a6 17.Nc4 Bc6 18.Nd6+ Bxd6 19.Bxd6 Rd8 20.f3 Nd5 21.Bc5 Nxc3 22.bxc3 Rxd1+
23.Rxd1 f6 24.e4 Kf7 25.Kf2 Rc8 26.Bb6 e5 27.Ke3 Re8 28.Rd6 Re7 29.Kd3 Rd7
30.Rxd7+ Bxd7 31.Kc4 Bb5+ 32.Kc5 Bf1 33.Kd6 Bxg2 34.Kc7 Bxf3 35.Kxb7 Bxe4+
36.Kxa6 Bc2 37.b4 Bd3+ 38.b5 Ke6 39.Ka5 Kd7 40.Kb4 f5 41.Bf2 f4 42.b6 Kc6
43.c4 g5 44.Be1 Kxb6 45.Bc3 e4 46.Bf6 h6 47.Bg7 Kc6 48.Kc3 f3 49.Bd4 Kd6
50.Kd2 Ke6 51.Ke3 Kf5 52.c5 Bb5 53.Kf2 Kg4 54.Bg7 h5 55.Be5 Kh3 56.Bf6 g4
57.Be5 Bc6  0-1

[Event "Cannes Masters"]
[Site "Cannes"]
[Date "1995.??.??"]
[Round "2"]
[White "Bacrot, Etienne"]
[Black "Shchekachev, Andrei"]
[Result "1-0"]
[WhiteElo "2300"]
[BlackElo "2460"]

1.d4 Nf6 2.Nf3 g6 3.Bf4 d6 4.e3 Nh5 5.Bg5 h6 6.Bh4 g5 7.Nfd2 Ng7 8.Bg3 Nf5
9.Bd3 Bg7 10.Qf3 Nxg3 11.hxg3 Nc6 12.c3 g4 13.Qe2 h5 14.Na3 Bd7 15.Nc2 e5
16.d5 Ne7 17.e4 c6 18.dxc6 bxc6 19.O-O-O Rb8 20.Bc4 d5 21.Bb3 a5 22.Ne3 Qb6
23.Ndc4 Qc5 24.exd5 cxd5 25.Nxe5 Bxe5 26.Nxd5 f6 27.Qxe5 fxe5 28.Nf6+ Kd8
29.Rxd7+ Kc8 30.Be6 Rb6 31.Rd5+ Rxe6 32.Rxc5+ Kb7 33.Nxg4 Nc6 34.Ne3 Rf8
35.Nd1 Kb6 36.Rc4 e4 37.Kc2 Rf5 38.Re1 Rfe5 39.a4 Ne7 40.f4 exf3 41.Rxe5 Rxe5
42.gxf3 Re2+ 43.Kb3 Rg2 44.Rh4 Rxg3 45.Rxh5 Rxf3 46.Rb5+ Ka6 47.Re5 Nf5 48.Rd5 Kb6
49.Rd2 Ng3 50.Rf2 Rd3 51.Kc2 Rd7 52.Rf6+ Kb7 53.Nf2 Nf1 54.Ne4 Ne3+ 55.Kb3 Rd5
56.Nd6+ Ka7 57.Rf3 Ng4 58.Nb5+ Kb6 59.Rf4 Rg5 60.Nd6 Ne5 61.Nc4+ Nxc4 62.Kxc4 Rc5+
63.Kd4 Rc6 64.Rf5 Rd6+ 65.Kc4 Rc6+ 66.Kb3 Rh6 67.Rf3 Kc5 68.Ka3 Kc4 69.Rf5 Ra6
70.b4 Kxc3 71.Rxa5 Rh6 72.Rc5+ Kd4 73.a5 Ra6 74.Ka4 Ra8 75.Rc1 Rh8 76.a6  1-0

[Event "Cannes Martinez"]
[Site "Cannes"]
[Date "1995.??.??"]
[Round "2"]
[White "Bacrot, Etienne"]
[Black "Ivkov, Borislav"]
[Result "0-1"]
[WhiteElo "2300"]
[BlackElo "2460"]

1.d4 e6 2.c4 Bb4+ 3.Bd2 Qe7 4.Nf3 Nf6 5.g3 Bxd2+ 6.Qxd2 d6 7.Nc3 O-O 8.Bg2 e5
9.O-O Re8 10.e4 Bg4 11.Ne1 Nc6 12.Nc2 exd4 13.Nxd4 Ne5 14.b3 c5 15.Nf5 Qd7
16.f4 Bxf5 17.fxe5 dxe5 18.Nd5 Nxd5 19.exf5 Nf6 20.Qxd7 Nxd7 21.Bxb7 Rab8
22.Bc6 Red8 23.Rfe1 f6 24.Rad1 Nb6 25.Kf2 Kf8 26.Ke2 Ke7 27.a3 a5 28.Rxd8 Rxd8
29.Rd1 Rd4 30.Bb5 Kd6 31.Rd2 Nc8 32.Ke3 Ne7 33.g4 h5 34.h3 h4 35.b4 Rxd2
36.bxc5+ Kxc5 37.Kxd2 Kd4 38.Kc2 Nc8 39.Kb3 Nd6 40.Ka4 e4 41.Kxa5 e3  0-1

[Event "Cannes Masters"]
[Site "Cannes"]
[Date "1995.??.??"]
[Round "3"]
[White "Olivier, Jean Christophe"]
[Black "Bacrot, Etienne"]
[Result "0-1"]
[WhiteElo "2360"]
[BlackElo "2300"]

1.e4 c5 2.Nf3 d6 3.d4 cxd4 4.Nxd4 Nf6 5.Nc3 Nc6 6.Bg5 e6 7.Qd2 a6 8.O-O-O h6
9.Be3 Qc7 10.f4 Bd7 11.Be2 b5 12.Bxb5 axb5 13.Ndxb5 Qb8 14.Nxd6+ Bxd6 15.Qxd6 Qxd6
16.Rxd6 Na5 17.b3 Rc8 18.Bd2 Nb7 19.Rd4 Bc6 20.e5 Nd5 21.Ne4 f5 22.Nd6+ Nxd6
23.exd6 Kd7 24.c4 Nf6 25.Re1 Rhg8 26.g3 g5 27.Kb2 Ng4 28.Ba5 Nxh2 29.Rc1 gxf4
30.gxf4 Rg2+ 31.Rc2 Rxc2+ 32.Kxc2 h5 33.Kb2 h4 34.b4 h3 35.b5 Bg2 36.Bc7 Nf3
37.Rd1 h2 38.c5 Nd4 39.Rxd4 h1=Q  0-1

[Event "Cannes m"]
[Site "Cannes"]
[Date "1995.??.??"]
[Round "3"]
[White "Bacrot, Etienne"]
[Black "Godena, Michele"]
[Result "1/2-1/2"]
[WhiteElo "2300"]
[BlackElo "2430"]

1.d4 d5 2.c4 e6 3.Nc3 c6 4.e4 Bb4 5.cxd5 cxd5 6.e5 Ne7 7.Qg4 Nf5 8.Nf3 Nc6
9.Bd3 h5 10.Qf4 Nce7 11.Qd2 Bd7 12.Qd1 a6 13.Qb3 Qb6 14.Be3 Ba5 15.Qxb6 Bxb6
16.Kd2 f6  1/2-1/2

[Event "Cannes m"]
[Site "Cannes"]
[Date "1995.??.??"]
[Round "5"]
[White "Bacrot, Etienne"]
[Black "Godena, Michele"]
[Result "0-1"]
[WhiteElo "2300"]
[BlackElo "2430"]

1.d4 d5 2.c4 c6 3.Nc3 Nf6 4.e3 a6 5.a4 e6 6.Nf3 Bb4 7.Bd3 Nbd7 8.O-O O-O
9.Qc2 Qe7 10.e4 dxc4 11.Bxc4 e5 12.dxe5 Nxe5 13.Be2 Nxf3+ 14.Bxf3 Qe5 15.g3 Bh3
16.Bf4 Qe6 17.Rfe1 Rad8 18.Rad1 Nd7 19.Bg2 Bxg2 20.Kxg2 Nc5 21.f3 h6 22.Be3 Qc4
23.Bxc5 Qxc5 24.Qb3 b5 25.axb5 cxb5 26.Rxd8 Rxd8 27.Rd1 Rxd1 28.Nxd1 Qd4
29.Qd5 Qxd5 30.exd5 Kf8 31.Kf2 Ke7 32.Ke3 f5 33.g4 Kd6 34.gxf5 Kxd5 35.f6 gxf6
36.Kd3 Ke5 37.Ne3 f5 38.f4+ Ke6 39.Nc2 Bd6 40.Nd4+ Kf6 41.Ne2 Bb8 42.Kd4 Kg6
43.h3 Bd6 44.Kd5 Bf8 45.Ke6 Bg7 46.Ng3 Bxb2 47.Nxf5 b4 48.Ne7+ Kh5 49.Nc6 Bc3
50.Na5 Kh4 51.f5 Kxh3 52.f6 Bxf6 53.Kxf6 h5  0-1

[Event "Cannes Masters"]
[Site "Cannes"]
[Date "1995.??.??"]
[Round "5"]
[White "Bacrot, Etienne"]
[Black "Lepelletier, Benoit"]
[Result "1/2-1/2"]
[WhiteElo "2300"]
[BlackElo "2385"]

1.d4 Nf6 2.Nf3 c5 3.d5 b5 4.Bg5 d6 5.Bxf6 gxf6 6.e3 Qb6 7.Nc3 b4 8.Ne4 Bg7
9.Ng3 f5 10.Rb1 O-O 11.Bd3 e6 12.Nh5 Nd7 13.g4 Nf6 14.Nxf6+ Bxf6 15.gxf5 exd5
16.Rg1+ Kh8 17.Ng5 Bxg5 18.f6 Qd8 19.Qh5 h6 20.Rxg5 Qxf6 21.Rg3 Be6 22.Bg6 Qg7
23.Bf5  1/2-1/2

[Event "Cannes m"]
[Site "Cannes"]
[Date "1995.??.??"]
[Round "6"]
[White "Godena, Michele"]
[Black "Bacrot, Etienne"]
[Result "1-0"]
[WhiteElo "2430"]
[BlackElo "2300"]

1.e4 c5 2.Nf3 d6 3.d4 cxd4 4.Qxd4 a6 5.c4 Nc6 6.Qd1 g6 7.h3 Bg7 8.Be2 b5
9.cxb5 axb5 10.Qd5 Bd7 11.Ng5 Nh6 12.Bxb5 e6 13.Qd2 Nd4 14.Bxd7+ Kxd7 15.Na3 Qa5
16.b4 Qb6 17.O-O Rhc8 18.Kh1 Nb5 19.Nxb5 Bxa1 20.Rd1 Rc6 21.Qd3 Rb8 22.a4 Be5
23.Nf3 Bg7 24.Bxh6 Bxh6 25.Ne5+ Ke7 26.Nxc6+ Qxc6 27.Nxd6 Rxb4 28.Nf5+ exf5
29.Qd8+ Ke6 30.exf5+ gxf5 31.a5 Rc4 32.a6 Qxa6 33.Qd7+ Ke5 34.Rd5+ Kf6 35.Rxf5+ Kg7
36.Qxf7+ Kh8 37.Qe8+ Kg7 38.Qf7+  1-0

[Event "Cannes Martinez"]
[Site "Cannes"]
[Date "1995.??.??"]
[Round "6"]
[White "Palac, Mladen"]
[Black "Bacrot, Etienne"]
[Result "1/2-1/2"]
[WhiteElo "2545"]
[BlackElo "2300"]

1.e4 e6 2.d4 d5 3.Nd2 dxe4 4.Nxe4 Nd7 5.Nf3 Ngf6 6.Nxf6+ Nxf6 7.Bd3 b6 8.O-O Bb7
9.c4 Bd6 10.Qe2 O-O 11.Bg5 h6 12.Bh4 g5 13.Bg3 Bxg3 14.hxg3 Bxf3 15.gxf3 Qxd4
16.Rad1 Kg7 17.Qc2 Qc5 18.Qc3 a5 19.a3 Rad8 20.Be4 Qe7 21.b4 axb4 22.axb4 c5
23.b5 e5 24.Bd5 Nxd5 25.cxd5 Qf6 26.Rfe1 Rfe8 27.g4 Qd6 28.Qd3 Ra8 29.Ra1 Rxa1
30.Rxa1 Rd8 31.Ra6 Qxd5 32.Qxd5 Rxd5 33.Rxb6 Rd1+ 34.Kg2 Rb1 35.Rb8 c4 36.Rc8 Rxb5
37.Rxc4 f6 38.Rc6 Rb4 39.Kg3 Rf4 40.Rc8 h5 41.gxh5 Rh4 42.Rc7+ Kh6 43.Rf7 Rf4
44.Rf8 Kxh5 45.Rh8+ Kg6 46.Rb8 Kf5 47.Rb6 g4 48.fxg4+ Rxg4+ 49.Kf3 Ra4 50.Rb3 Kg5
51.Rb5 Ra3+ 52.Ke2 Kf4 53.Rb4+ e4 54.Rb6 Ra2+ 55.Ke1 f5 56.Rb3 Kg4 57.Rg3+ Kh4
58.Rg8 f4 59.f3 exf3 60.Kf1 f2 61.Rg7 Kh5 62.Rg8 Kh6 63.Rg4  1/2-1/2

[Event "Cannes Masters"]
[Site "Cannes"]
[Date "1995.??.??"]
[Round "7"]
[White "Bacrot, Etienne"]
[Black "Rouchouse, Stevens"]
[Result "1-0"]
[WhiteElo "2300"]
[BlackElo "2180"]

1.d4 d5 2.c4 e6 3.Nf3 c6 4.Nbd2 Nf6 5.g3 Nbd7 6.Bg2 Bd6 7.O-O O-O 8.e4 dxe4
9.Ng5 e3 10.fxe3 e5 11.Nde4 Nxe4 12.Nxe4 Be7 13.Kh1 a5 14.b3 exd4 15.exd4 Nf6
16.Bb2 Nxe4 17.Bxe4 Bf6 18.Qc2 g6 19.d5 Bxb2 20.Qxb2 f5 21.Bf3 c5 22.Rfe1 Qd6
23.Qe5 Ra6 24.Re2 Bd7 25.Rae1 Qxe5 26.Rxe5 Rd6 27.h4 h5 28.Re7 Rf7 29.R7e2 Kg7
30.Kg2 Kf6 31.Kf2 Rh7 32.a3 Rb6 33.Rb1 Rh8 34.Reb2 Ra8 35.Be2 Rd6 36.b4 axb4
37.axb4 cxb4 38.Rxb4 b5 39.cxb5 Rxd5 40.b6 Rb8 41.b7 Be6 42.Rb6 Rc5 43.Ra6 Rc7
44.Rbb6  1-0